Flags of Europe in 1444 - Statistics

General Stats
  • This quiz has been taken 2,002 times
    1,974 since last reset
  • The average score is 23 of 90
Answer Stats
Picture Answer % Correct
France
96%
England
86%
Portugal
83%
Poland
65%
Denmark
64%
Scotland
63%
Albania
60%
Byzantine Empire
60%
Austria
59%
Lithuania
59%
Aragon
58%
Croatia
57%
Castile
56%
Holy Roman Empire
55%
Venice
52%
Golden Horde
43%
Navarre
43%
Brittany
42%
Genoa
41%
Moldavia
41%
Saxony
41%
Teutonic Order
40%
Norway
39%
Bosnia
36%
Sweden
36%
Papal States
33%
Flanders
31%
Naples
31%
Florence
29%
Baden
28%
Hungary
28%
Bohemia
27%
Masovia-Płock
27%
Granada
26%
Mainz
26%
Provence
26%
Burgundy
25%
Milan
24%
Nogai Horde
24%
Kazan
23%
Württemberg
23%
Brandenburg
21%
Bremen
20%
Lorraine
20%
Savoy
20%
Aachen / Cologne
16%
Brabant
16%
Herzegovina
16%
Lübeck
16%
Novgorod
15%
Bourbonnais
14%
Foix
14%
Ottomans
14%
Siena
14%
Auvergne
13%
Mantua
13%
Monaco
13%
Orléans
13%
Pomerania
13%
Ragusa
13%
Nevers
12%
Three Leagues
11%
Geneva
10%
Lucca
10%
Trier
10%
Saluzzo
9%
Masovia-Warsaw
8%
Montferrat
8%
Oldenburg
8%
Bavaria-Munich
7%
Cleves
7%
Hamburg
7%
Nuremberg
7%
Order of St. John
7%
Riga
7%
Tyrconnell
7%
Ferrara
6%
Frankfurt
6%
Memmingen
6%
Switzerland
6%
Bavaria-Landshut
5%
Béarn
5%
Bologna
5%
Palatinate
5%
Urbino
5%
Ancona
4%
Finale
3%
Noli
3%
Pallars Sobirà
2%
Utrecht
2%
No matching quizzes found
Score Distribution
Percent of People with Each Score
Percentile by Number Answered
Your Score History
You have not taken this quiz since the last reset